• 首页
  • 本馆介绍
  • 公告通知
  • 最新文献
  • 馆藏检索
  • 电子资源
  • 读者导购
  • 参考咨询
  • 我的图书馆
  • 登录
  • 详细信息显示
  • 放入我的书架
  • 预约/预借图书
  • 作者相关作品
  • 分类相关作品
  • 丛书相关作品
  • 出版社相关作品

书目信息

  • 表格格式
  • 工作单格式
  • 卡片格式
题名:
钢琴即兴伴奏速成教程
    
 
作者: 韦海曦 编著
分册:  
出版信息: 长沙   湖南文艺出版社  2005
页数: 140页
开本: 30cm
丛书名:
单 册:
中图分类: J624.16 , J624.1
科图分类:
主题词: 钢琴--奏法--教材
电子资源:
ISBN: 7-5404-3445-7
000 00750ncm0 2200229 450
001 1568618672
005 20150117190418.28
010    @a7-5404-3445-7@dCNY18.00
100    @a20050104d2005 em y0chiy50 ea
101 0  @achi
102    @aCN@b430000
105    @ay z 000yy
200 1  @a钢琴即兴伴奏速成教程@9gang qin ji xing ban zou su cheng jiao cheng@f韦海曦编著
210    @a长沙@c湖南文艺出版社@d2005
215    @a140页@d30cm
330    @a本教材采用理论概述、作品分析、书面写作、键盘实践相结合的形式,内容侧重常见的实用性的各种织体音型的介绍,并强调其实践性。
606 0  @a钢琴@x奏法@j教材
690    @aJ624.16@v5
690    @aJ624.1@v4
701  0 @a韦海曦@9wei hai xi@4编著
801  0 @aCN@bTSSF@c20150117
905    @aZUCC@dJ624.1@eJY157
    
    钢琴即兴伴奏速成教程/韦海曦编著.-长沙:湖南文艺出版社,2005
    140页;30cm
    
    
    ISBN 7-5404-3445-7:CNY18.00
    本教材采用理论概述、作品分析、书面写作、键盘实践相结合的形式,内容侧重常见的实用性的各种织体音型的介绍,并强调其实践性。
●
相关链接 在E读中查询图书 在五车中查询图书 在当当中查询图书 在豆瓣中查询图书


正题名:钢琴即兴伴奏速成教程     索取号:J624.1/JY157         预约/预借

序号 登录号 条形码 馆藏地/架位号 状态 备注
1 7853175   278531750   学院路分馆/ [索取号:J624.1/JY157] 在馆    
唐山师范学院图书馆 欢迎您!
大连网信软件有限公司© 版权所有